LDR 00669naa#a2200169#i#450# 001 EN\INFRA-M\bibl\103618 005 20260704163457.6 011 ## _a2500-3305 100 ## _a20260430b2026####ek#y0engy0150####ca 102 ## _aRU 200 1# _aLinguoculturological potential of using proverbs and sayings in Russian as a foreign language lessons _eJournal article 210 1# _aMoscow _cINFRA-M Academic Publishing LLC. _d2026 215 ## _a5 с. 608 ## _aJournal article _2local 675 ## _aрусскому. 372.881.161.1 _aОбразование. Воспитание. Обучение. Организация досуга. 37 _z 700 #1 _aEremenko _gVera Pavlovna 856 4# _anaukaru.ru _u